|
|
|
|
| LEADER |
00000nam0a2200000 4500 |
| 001 |
80267 |
| 005 |
20231031094531.0 |
| 010 |
|
|
|a 5940571026
|
| 035 |
|
|
|a (RuTPU)RU\TPU\book\86275
|
| 090 |
|
|
|a 80267
|
| 100 |
|
|
|a 20050902d2005 km y0rusy50 ca
|
| 101 |
0 |
|
|a rus
|
| 102 |
|
|
|a RU
|
| 105 |
|
|
|a a z 001zy
|
| 200 |
1 |
|
|a Современные геометрические структуры и поля
|f С. П. Новиков, И. А. Тайманов
|
| 210 |
|
|
|a Москва
|c МЦНМО
|d 2005
|
| 215 |
|
|
|a 580 с.
|c ил.
|
| 320 |
|
|
|a Литература: с. 570-572
|
| 320 |
|
|
|a Предметный указатель: с. 573-580
|
| 330 |
|
|
|a Излагаются основные сведения о геометрии евклидова пространства и пространства Минковского, включая их преобразования, теорию кривых и поверхностей, основы тензорного анализа и римановой геометрии, сведения из вариационного исчисления, пограничные с геометрией, элементы наглядной топологии многообразий. Изложение ведется в свете современных представлений о геометрии реального мира. Для студентов физико-математических специальностей университетов.
|
| 610 |
1 |
|
|a геометрические структуры
|
| 610 |
1 |
|
|a декартовы пространства
|
| 610 |
1 |
|
|a евклидова геометрия
|
| 610 |
1 |
|
|a симплектические пространства
|
| 610 |
1 |
|
|a псевдоевклидовы пространства
|
| 610 |
1 |
|
|a геометрические поля
|
| 610 |
1 |
|
|a геометрия
|
| 610 |
1 |
|
|a двумерные многообразия
|
| 610 |
1 |
|
|a теория
|
| 610 |
1 |
|
|a поверхности
|
| 610 |
1 |
|
|a гладкие многообразия
|
| 610 |
1 |
|
|a группы Ли
|
| 610 |
1 |
|
|a алгебры Ли
|
| 610 |
1 |
|
|a кристаллографические группы
|
| 610 |
1 |
|
|a тензорная алгебра
|
| 610 |
1 |
|
|a тензорные поля
|
| 610 |
1 |
|
|a дифференциальные формы
|
| 610 |
1 |
|
|a анализ
|
| 610 |
1 |
|
|a связность
|
| 610 |
1 |
|
|a кривизна
|
| 610 |
1 |
|
|a конформная геметрия
|
| 610 |
1 |
|
|a комплексная геометрия
|
| 610 |
1 |
|
|a теория Морса
|
| 610 |
1 |
|
|a гамильтонов формализм
|
| 610 |
1 |
|
|a пуассоновы многообразия
|
| 610 |
1 |
|
|a лангражевы многообразия
|
| 610 |
1 |
|
|a многомерные задачи
|
| 610 |
1 |
|
|a вариационные задачи
|
| 610 |
1 |
|
|a геометрические поля
|
| 610 |
1 |
|
|a физика
|
| 675 |
|
|
|a 514.12
|v 3
|
| 700 |
|
1 |
|a Новиков
|b С. П.
|g Сергей Петрович
|
| 701 |
|
1 |
|a Тайманов
|b И. А.
|g Искандер Асанович
|
| 801 |
|
1 |
|a RU
|b 63413507
|c 20050902
|g PSBO
|
| 801 |
|
2 |
|a RU
|b 63413507
|c 20140407
|g PSBO
|
| 942 |
|
|
|c BK
|